El balance general / (Record no. 52072)

MARC details
000 -LEADER
campo de control de longitud fija 00432nam a2200157 i 4500
001 - NÚMERO DE CONTROL
campo de control 52072
003 - IDENTIFICADOR DE NÚMERO DE CONTROL
campo de control ES-MaACL
005 - FECHA Y HORA DE LA ÚLTIMA TRANSACCIÓN
campo de control 20230906162514.0
007 - CAMPO FIJO DE DESCRIPCIÓN FÍSICA--INFORMACIÓN GENERAL
campo de control de longitud fija t|
008 - DATOS DE LONGITUD FIJA--INFORMACIÓN GENERAL
campo de control de longitud fija 030825s1955 ag ||||1| spa d
100 1# - ENTRADA PRINCIPAL--NOMBRE DE PERSONA
Nombre de persona Cholvis, Francisco.
9 (RLIN) 38601
245 13 - MENCIÓN DEL TÍTULO
Título El balance general /
Mención de responsabilidad, etc. Francisco Cholvis.
260 ## - PUBLICACIÓN, DISTRIBUCIÓN, ETC.
Lugar de publicación, distribución, etc. Buenos Aires :
Nombre del editor, distribuidor, etc. Prometeo,
Fecha de publicación, distribución, etc. 1955 (
Fabricante Macland)
300 ## - DESCRIPCIÓN FÍSICA
Extensión 286 p. ;
Dimensiones 23 cm.
852 ## - LOCALIZACIÓN
Ubicación ES-MaACL
Número de control de estantería C-11284
Sublocalización o colección R.39526
Holdings
Estatus retirado Estado de pérdida Estado de daño No para préstamo Biblioteca de origen Biblioteca actual Ubicación en estantería Fecha de adquisición Fuente de adquisición Total de préstamos Signatura topográfica completa Código de barras Visto por última vez Precio de reemplazo Tipo de ítem Koha
        Biblioteca del Ateneo de Madrid Biblioteca del Ateneo de Madrid Sala Palomar 17/01/2008     C-11284 1054747 23/02/2023 23/02/2023 Libro impreso